Welcome to CU Library Online Public Access Catalogue (OPAC)

PORTRAITS OF PAUL (Record no. 6887)

MARC details
000 -LEADER
fixed length control field 00486nam a22001577a 4500
005 - DATE AND TIME OF LATEST TRANSACTION
control field 20250709144120.0
008 - FIXED-LENGTH DATA ELEMENTS--GENERAL INFORMATION
fixed length control field 250709b |||||||| |||| 00| 0 eng d
020 ## - INTERNATIONAL STANDARD BOOK NUMBER
International Standard Book Number 064256813
050 ## - LIBRARY OF CONGRESS CALL NUMBER
Classification number BS 2506
Item number .M355 MAL
100 ## - MAIN ENTRY--PERSONAL NAME
Personal name MALINA, BRUCE J
245 ## - TITLE STATEMENT
Title PORTRAITS OF PAUL
Remainder of title AN ARCHAEOLOGY OF ANCIENT PERSONALITY
Statement of responsibility, etc. BRUCE J. MALINA & JEROME H. NEYREY
260 ## - PUBLICATION, DISTRIBUTION, ETC.
Place of publication, distribution, etc. KENTUCKY
Name of publisher, distributor, etc. WESTMINSTER JOHN KNOX PRESS
Date of publication, distribution, etc. c1996
300 ## - PHYSICAL DESCRIPTION
Extent xv,; 271p.;
700 ## - ADDED ENTRY--PERSONAL NAME
Personal name JEROME H. NEYREY
942 ## - ADDED ENTRY ELEMENTS (KOHA)
Source of classification or shelving scheme Library of Congress Classification
Koha item type Books
Suppress in OPAC No
999 ## -
-- 6887
-- 6887
Holdings
Withdrawn status Lost status Source of classification or shelving scheme Damaged status Not for loan Collection Home library Current library Shelving location Date acquired Total checkouts Full call number Barcode Date last seen Copy number Price effective from Koha item type
    Library of Congress Classification     Non-fiction Undergraduate Library (Christ Temple) Undergraduate Library (Christ Temple) General stacks 07/09/2025   BS 2506.M355 MAL ulct00003736 07/09/2025 1 07/09/2025 Books
© 2023-2024 Copyright: Central University Libraries. All Rights Reserved | Created by: Mahone Tech Office